Características diferenciales en cardomomo (Record no. 59932)
[ view plain ]
| 000 -CABECERA | |
|---|---|
| campo de control de longitud fija | 01747cam a22004097a 4500 |
| 003 - IDENTIFICADOR DEL NÚMERO DE CONTROL | |
| campo de control | CHAP |
| 005 - FECHA Y HORA DE LA ÚLTIMA TRANSACCIÓN | |
| campo de control | 20220329140928.0 |
| 008 - DATOS DE LONGITUD FIJA--INFORMACIÓN GENERAL | |
| campo de control de longitud fija | 971013s1987 r 00010 d |
| 010 ## - NÚMERO DE CONTROL DE LA BIBLIOTECA DEL CONGRESO | |
| Número de control de LC | 59932 |
| 011 ## - ENLACE DEL NUMERO DE CONTROL DE LA BIBLIOTECA DEL CONGRESO [OBSOLETO] | |
| Número de control de LC | 60904 |
| 035 ## - NÚMERO DE CONTROL DEL SISTEMA | |
| Número de control de sistema | 65067 |
| 040 ## - FUENTE DE LA CATALOGACIÓN | |
| Centro/agencia transcriptor | CHAP |
| 090 ## - LOCALMENTE ASIGNADO TIPO-LC NÚMERO DE CLASIFICACIÓN (OCLC); NÚMERO DE CLASIFICACIÓN LOCAL (RLIN) | |
| Número de clasificación (OCLC) (R) ; Numero de clasificación, CALL (RLIN) (NR) | Folleto 14645 |
| 100 00 - ENTRADA PRINCIPAL--NOMBRE DE PERSONA | |
| Nombre de persona | Poll, Elfriede. |
| 9 (RLIN) | 90253 |
| 245 #0 - MENCIÓN DE TÍTULO | |
| Título | Características diferenciales en cardomomo |
| 260 ## - PUBLICACIÓN, DISTRIBUCIÓN, ETC. | |
| Lugar de publicación, distribución, etc. | Guatemala, Guatemala : |
| Nombre del editor, distribuidor, etc. | Universidad Valle de Guatemala. Instituto de Investigaciones, |
| Fecha de publicación, distribución, etc. | 1987- |
| 300 ## - DESCRIPCIÓN FÍSICA | |
| Extensión | v. |
| 500 ## - NOTA GENERAL | |
| Nota general | La biblioteca tiene : v.1 Zona Costa del Pacífico de Guatemala : región I.-- v.2 Zona Costa del Pacífico de Guatemala Regiones 2 y 3 -- v.3 Zona Norte de Guatemala Regiones 4,5 y 6 |
| 590 ## - NOTA LOCAL (RLIN) | |
| Nota local | BATCH-UPD |
| Procedencia (VM) [OBSOLETO] | 10 |
| Condición del los carretes individuales (VM) [OBSOLETO] | 20130110 |
| -- | UCH01 |
| -- | 0832 |
| 590 ## - NOTA LOCAL (RLIN) | |
| Nota local | BATCH-UPD |
| Procedencia (VM) [OBSOLETO] | 10 |
| Condición del los carretes individuales (VM) [OBSOLETO] | 20130410 |
| -- | UCH01 |
| -- | 0510 |
| 590 ## - NOTA LOCAL (RLIN) | |
| Nota local | BATCH-UPD |
| Procedencia (VM) [OBSOLETO] | 10 |
| Condición del los carretes individuales (VM) [OBSOLETO] | 20130914 |
| -- | UCH01 |
| -- | 0906 |
| 590 ## - NOTA LOCAL (RLIN) | |
| Nota local | CONVERSION |
| Procedencia (VM) [OBSOLETO] | 10 |
| Condición del los carretes individuales (VM) [OBSOLETO] | 20130109 |
| -- | UCH01 |
| -- | 1332 |
| 650 14 - PUNTO DE ACCESO ADICIONAL DE MATERIA--TÉRMINO DE MATERIA | |
| Término de materia o nombre geográfico como elemento de entrada | Cardamomo. |
| 9 (RLIN) | 18869 |
| 650 14 - PUNTO DE ACCESO ADICIONAL DE MATERIA--TÉRMINO DE MATERIA | |
| Término de materia o nombre geográfico como elemento de entrada | Cultivo de tejidos. |
| 9 (RLIN) | 30213 |
| 710 0# - PUNTO DE ACCESO ADICIONAL--NOMBRE DE ENTIDAD CORPORATIVA | |
| Nombre de entidad corporativa o nombre de jurisdicción como elemento de entrada | Programa de Genética y Cultivo de Tejidos en Cardomomo. |
| 9 (RLIN) | 92301 |
| 901 ## - ELEMENTOS DE DATOS A LOCAL LDA (RLIN) | |
| a | BK |
| 942 ## - ELEMENTOS DE PUNTO DE ACCESO ADICIONAL (KOHA) | |
| Tipo de ítem Koha | Folleto |
| 949 ## - PROCESAMIENTO DE INFORMACIÓN LOCAL (OCLC) | |
| a | Folleto 14645 |
| b | BC |
| c | FOLL |
| d | -143902 |
| e | TS1 |
| f | v.1 |
| i | 65067 |
| s | i |
| 949 ## - PROCESAMIENTO DE INFORMACIÓN LOCAL (OCLC) | |
| a | Folleto 14645 |
| b | BC |
| c | FOLL |
| d | -143903 |
| e | TS1 |
| f | v.2 |
| i | 65067 |
| s | i |
| 949 ## - PROCESAMIENTO DE INFORMACIÓN LOCAL (OCLC) | |
| a | Folleto 14645 |
| b | BC |
| c | FOLL |
| d | -143904 |
| e | TS1 |
| f | v.3 |
| i | 65067 |
| s | i |
| 949 ## - PROCESAMIENTO DE INFORMACIÓN LOCAL (OCLC) | |
| a | Folleto 14645 |
| b | BC |
| c | FOLL |
| d | 650672 |
| e | TS2 |
| f | v.1 c.2 |
| i | 65067 |
| s | b |
| 949 ## - PROCESAMIENTO DE INFORMACIÓN LOCAL (OCLC) | |
| a | Folleto 14645 |
| b | BC |
| c | FOLL |
| d | 650673 |
| e | TS2 |
| f | v.1 c.3 |
| i | 65067 |
| s | b |
| 949 ## - PROCESAMIENTO DE INFORMACIÓN LOCAL (OCLC) | |
| a | Folleto 14645 |
| b | BC |
| c | FOLL |
| d | 650674 |
| e | TS2 |
| f | v.2 c.2 |
| i | 65067 |
| s | b |
| 949 ## - PROCESAMIENTO DE INFORMACIÓN LOCAL (OCLC) | |
| a | Folleto 14645 |
| b | BC |
| c | FOLL |
| d | 650675 |
| e | TS2 |
| f | v.2 c.3 |
| i | 65067 |
| s | b |
| 949 ## - PROCESAMIENTO DE INFORMACIÓN LOCAL (OCLC) | |
| a | Folleto 14645 |
| b | BC |
| c | FOLL |
| d | 650676 |
| e | TS2 |
| f | v.3 c.2 |
| i | 65067 |
| s | b |
| 949 ## - PROCESAMIENTO DE INFORMACIÓN LOCAL (OCLC) | |
| a | Folleto 14645 |
| b | BC |
| c | FOLL |
| d | 650677 |
| e | TS2 |
| f | v.3 c.3 |
| i | 65067 |
| s | b |
| Estado de retiro | Estado de pérdida | Fuente del sistema de clasificación o colocación | Estado dañado | Restricciones de uso | No para préstamo | Código de colección | Localización permanente | Ubicación/localización actual | Ubicación en estantería | Fecha de adquisición | Información codificada de la localización en otra ubicación | Total de préstamos | Signatura topográfica completa | Código de barras | Fecha visto por última vez | Número de copia | Precio válido a partir de | Tipo de ítem Koha |
|---|---|---|---|---|---|---|---|---|---|---|---|---|---|---|---|---|---|---|
| Clasificación Universidad Autónoma de Chapingo | Préstamo interno | Folletos | Biblioteca Central | Biblioteca Central | Planta alta - Área de Tesis - Folletos | 17/12/2012 | FOLL | Folleto 14645 | -143902 | 31/12/2019 | v.1 | 17/12/2012 | Folleto | |||||
| Clasificación Universidad Autónoma de Chapingo | Préstamo interno | Folletos | Biblioteca Central | Biblioteca Central | Planta alta - Área de Tesis - Folletos | 17/12/2012 | FOLL | Folleto 14645 | -143903 | 31/12/2019 | v.2 | 17/12/2012 | Folleto | |||||
| Clasificación Universidad Autónoma de Chapingo | Préstamo interno | Folletos | Biblioteca Central | Biblioteca Central | Planta alta - Área de Tesis - Folletos | 17/12/2012 | FOLL | Folleto 14645 | -143904 | 31/12/2019 | v.3 | 17/12/2012 | Folleto | |||||
| Clasificación Universidad Autónoma de Chapingo | Préstamo 3 días | Folletos | Biblioteca Central | Biblioteca Central | Planta alta - Área de Tesis - Folletos | 17/12/2012 | FOLL | Folleto 14645 | 650672 | 31/12/2019 | v.1 c.2 | 17/12/2012 | Folleto | |||||
| Clasificación Universidad Autónoma de Chapingo | Préstamo 3 días | Folletos | Biblioteca Central | Biblioteca Central | Planta alta - Área de Tesis - Folletos | 17/12/2012 | FOLL | Folleto 14645 | 650673 | 31/12/2019 | v.1 c.3 | 17/12/2012 | Folleto | |||||
| Clasificación Universidad Autónoma de Chapingo | Préstamo 3 días | Folletos | Biblioteca Central | Biblioteca Central | Planta alta - Área de Tesis - Folletos | 17/12/2012 | FOLL | Folleto 14645 | 650674 | 31/12/2019 | v.2 c.2 | 17/12/2012 | Folleto | |||||
| Clasificación Universidad Autónoma de Chapingo | Préstamo 3 días | Folletos | Biblioteca Central | Biblioteca Central | Planta alta - Área de Tesis - Folletos | 17/12/2012 | FOLL | Folleto 14645 | 650675 | 31/12/2019 | v.2 c.3 | 17/12/2012 | Folleto | |||||
| Clasificación Universidad Autónoma de Chapingo | Préstamo 3 días | Folletos | Biblioteca Central | Biblioteca Central | Planta alta - Área de Tesis - Folletos | 17/12/2012 | FOLL | Folleto 14645 | 650676 | 31/12/2019 | v.3 c.2 | 17/12/2012 | Folleto | |||||
| Clasificación Universidad Autónoma de Chapingo | Préstamo 3 días | Folletos | Biblioteca Central | Biblioteca Central | Planta alta - Área de Tesis - Folletos | 17/12/2012 | FOLL | Folleto 14645 | 650677 | 31/12/2019 | v.3 c.3 | 17/12/2012 | Folleto |
